Normal view
MARC view
Entry Personal Name
001 - CONTROL NUMBER
- control field: 54579
003 - CONTROL NUMBER IDENTIFIER
- control field: OSt
005 - DATE AND TIME OF LATEST TRANSACTION
- control field: 20160428135315.0
008 - FIXED-LENGTH DATA ELEMENTS
- fixed length control field: 160428|| aca||aabn | a|a d
040 ## - CATALOGING SOURCE
- Original cataloging agency: OSt
- Transcribing agency: OSt
100 ## - HEADING--PERSONAL NAME
- Personal name: डॉ दौलत सिंह पालीवाल
670 ## - SOURCE DATA FOUND
- Source citation: Work cat.: (OSt)22452: डॉ दौलत सिंह पालीवाल, सर्वेश्वर दयाल सक्सेना का काव्य संवेदना और शिल्प , 2009









